Introduction to Hospitality Operations (Record no. 4114)

MARC details
000 -LEADER
fixed length control field 00398nam a22001697a 4500
005 - DATE AND TIME OF LATEST TRANSACTION
control field 20160627094335.0
008 - FIXED-LENGTH DATA ELEMENTS--GENERAL INFORMATION
fixed length control field 160627b xxu||||| |||| 00| 0 eng d
020 ## - INTERNATIONAL STANDARD BOOK NUMBER
ISBN 0-304-32904-9
041 ## - LANGUAGE CODE
Language code of text/sound track or separate title eng
082 ## - DEWEY DECIMAL CLASSIFICATION NUMBER
Item number 10341
100 ## - MAIN ENTRY--AUTHOR NAME
Personal name Jones, Peter
245 ## - TITLE STATEMENT
Title Introduction to Hospitality Operations
260 ## - PUBLICATION, DISTRIBUTION, ETC. (IMPRINT)
Name of publisher Cassell
Year of publication 1999
300 ## - PHYSICAL DESCRIPTION
Number of Pages 260
650 ## - SUBJECT ADDED ENTRY--TOPICAL TERM
Topical Term Management
942 ## - ADDED ENTRY ELEMENTS (KOHA)
Koha item type Books
Holdings
Lost status Damaged status Collection code Home library Current library Shelving location Date acquired Cost, normal purchase price Full call number Accession Number Koha item type
    LIFE SKILL JRU Library JRU Library SHELF-102-J 27/06/2016 1539.00 642 10341 Books